000 00400nam a2200157Ia 4500
003 GCL
008 140319s9999 xx 000 0 ara d
040 _aGCL /
_cGCL
082 0 4 _aد
_b050
100 1 _aامين يوسف غراب
245 1 0 _aشباب امرأة(اقرا 367 ) /
_cامين يوسف غراب
300 _a190
490 _aاقرأ
_v0
650 0 4 _aالقصص
942 _2ddc
_cBK
999 _c48889
_d48889